| 000 | 00580nam a2200193Ia 4500 | ||
|---|---|---|---|
| 005 | 20250508161630.0 | ||
| 008 | 008 250505s9999 xx 000 0 eng d | ||
| 037 | _aTextual | ||
| 040 |
_aFEDL _beng _cFEDL |
||
| 041 |
_aeng _2eng |
||
| 084 |
_a420.7, JEN _qFEDL |
||
| 100 |
_aJenkinson Edward B _9771116 |
||
| 245 | 0 | _aBooks for teachers of English: An annotated bibliography | |
| 260 |
_aBloomington _bIndiana University Press _c1968 |
||
| 300 | _axvi,173p | ||
| 700 |
_a Daghlian Philip B _9771117 |
||
| 942 |
_cTEXL _h420.7, JEN |
||
| 999 |
_c1371234 _d1371234 |
||